[Event "DEM U10 2005"]
[Site "Willingen GER"]
[Date "2005.05.21"]
[Round "11"]
[White "Brühan, Jan"]
[Black "Grzeca, Pascal"]
[Result "1-0"]
[Termination "normal"]
[Board "28"]
[WhiteElo "784"]
[BlackElo "1142"]
[PlyCount "43"]
[BlackFideId "24600741"]
[EventCountry "GER"]
[EventRounds "11"]
[EventType "swiss"]
[EventDate "2005.05.15"]

1. e4 c6 2. d4 d5 3. exd5 cxd5 4. Nf3 Nc6 5. Nc3 Bg4 6. Bb5 a6 7. Bxc6+ bxc6 8.
O-O e6 9. Bf4 Nf6 10. h3 Nh5 11. Bg3 Bf5 12. Nh4 Bg6 13. Nxg6 hxg6 14. Ne2 c5
15. Nf4 Qf6 16. Nxh5 Rxh5 17. c3 Be7 18. Re1 Qg5 19. Qa4+ Kf8 20. Qc6 Rb8 21.
Bxb8 Rxh3 22. Bf4 1-0

[Event "DEM U10 2005"]
[Site "Willingen GER"]
[Date "2005.05.21"]
[Round "11"]
[White "Schnorr, Christian"]
[Black "Nitsche-Hahn, Maxim"]
[Result "0-1"]
[Termination "normal"]
[Board "30"]
[WhiteElo "1143"]
[BlackElo "1356"]
[PlyCount "104"]
[BlackFideId "4613090"]
[EventCountry "GER"]
[EventRounds "11"]
[EventType "swiss"]
[EventDate "2005.05.15"]

1. e4 c5 2. c3 Nc6 3. d4 cxd4 4. cxd4 e6 5. Nf3 Nge7 6. Nc3 g6 7. Bb5 a6 8.
Bxc6 dxc6 9. O-O Bg7 10. e5 O-O 11. Bg5 Qc7 12. Rc1 Qd7 13. Qd2 Re8 14. Qf4 Nf5
15. Rfd1 Qc7 16. Nh4 h6 17. Bf6 Bxf6 18. Nxf5 exf5 19. Nd5 Bg5 20. Nxc7 Bxf4
21. Nxe8 Bxc1 22. Rxc1 Be6 23. Nf6+ Kg7 24. h3 Rd8 25. Rd1 Bxa2 26. g4 fxg4 27.
hxg4 Bb3 28. Rd3 Bc2 29. Rd2 Bb1 30. d5 cxd5 31. Rxd5 Rxd5 32. Nxd5 Be4 33. Nc3
Bf3 34. g5 hxg5 35. Kh2 Kh6 36. Kg3 g4 37. Nb1 Kg5 38. Nd2 Kf5 39. Nxf3 gxf3
40. Kxf3 Kxe5 41. Ke3 b5 42. f4+ Kd5 43. Kd3 f6 44. b3 g5 45. fxg5 fxg5 46. b4
g4 47. Ke3 Kc4 48. Kf4 Kxb4 49. Kxg4 a5 50. Kf4 a4 51. Ke5 a3 52. Ke4 a2 0-1

[Event "DEM U10 2005"]
[Site "Willingen GER"]
[Date "2005.05.21"]
[Round "11"]
[White "Plotkin, Alex"]
[Black "Rethmann, Kristin"]
[Result "1-0"]
[Termination "normal"]
[Board "31"]
[WhiteElo "1060"]
[BlackElo "863"]
[PlyCount "105"]
[BlackFideId "24655805"]
[EventCountry "GER"]
[EventRounds "11"]
[EventType "swiss"]
[EventDate "2005.05.15"]

1. e4 d5 2. exd5 Qxd5 3. Nc3 Qa5 4. Bc4 Nf6 5. d3 c6 6. Nf3 Bf5 7. Bd2 Qc7 8.
O-O Nbd7 9. d4 e6 10. Rc1 Bd6 11. Re1 O-O-O 12. h3 h6 13. Rb1 Rdg8 14. Nh4 g5
15. Nxf5 exf5 16. g3 Nb6 17. Bd3 Qd7 18. Qf3 f4 19. g4 Qc7 20. Ne4 Nxe4 21.
Bxe4 Qd8 22. b3 Nd7 23. Bc3 Re8 24. d5 Ne5 25. Bxe5 Bxe5 26. dxc6 bxc6 27. Rbd1
Qc7 28. Bxc6 Re7 29. Ba4 Kb8 30. Qc6 Qxc6 31. Bxc6 Kc7 32. Bd5 f6 33. c4 Kb6
34. b4 Bc3 35. Rxe7 Bxb4 36. Rb1 a5 37. a3 Kc5 38. axb4+ axb4 39. Rb7 Re8 40.
R7xb4 Rf8 41. Rb8 Rxb8 42. Rxb8 Kd6 43. Rc8 Kd7 44. Bb7 Kd6 45. c5+ Kd7 46. c6+
Kd6 47. Rd8+ Kc7 48. Rd7+ Kb8 49. Ba6 Ka8 50. c7 Ka7 51. c8=Q+ Kb6 52. Rd5 Ka7
53. Qb7# 1-0

[Event "DEM U10 2005"]
[Site "Willingen GER"]
[Date "2005.05.21"]
[Round "11"]
[White "Scheel, Henrik"]
[Black "Schäfer, Daniela"]
[Result "0-1"]
[Termination "normal"]
[Board "32"]
[WhiteElo "986"]
[BlackElo "1233"]
[PlyCount "78"]
[WhiteFideId "24692115"]
[BlackFideId "4624769"]
[EventCountry "GER"]
[EventRounds "11"]
[EventType "swiss"]
[EventDate "2005.05.15"]

1. d4 d6 2. c4 g6 3. Nc3 Bg7 4. Nf3 Nf6 5. Bg5 c6 6. e3 Nbd7 7. Be2 Qc7 8. O-O
O-O 9. Bf4 e5 10. dxe5 dxe5 11. Bg3 Rd8 12. Qc2 Nh5 13. Rad1 Nxg3 14. fxg3 Qb6
15. Qe4 Qxb2 16. Rd3 Qb6 17. Rdd1 Bh6 18. Na4 Qxe3+ 19. Qxe3 Bxe3+ 20. Kh1 f6
21. Rd3 Bh6 22. Rfd1 b6 23. Rd6 Bf8 24. Rxc6 Bb7 25. Rc7 Bxf3 26. Bxf3 Nc5 27.
Nxc5 Bxc5 28. Rxd8+ Rxd8 29. h4 Rd4 30. Bd5+ Kh8 31. Rxa7 e4 32. Rf7 e3 33. Bf3
Rd2 34. Rxf6 e2 35. Re6 Rd1+ 36. Kh2 e1=Q 37. Rxe1 Rxe1 38. g4 Bd6+ 39. Kh3
Rh1# 0-1

[Event "DEM U10 2005"]
[Site "Willingen GER"]
[Date "2005.05.21"]
[Round "11"]
[White "Sommer, Celin"]
[Black "Pannier, Lukas"]
[Result "1-0"]
[Termination "normal"]
[Board "33"]
[WhiteElo "1162"]
[BlackElo "948"]
[PlyCount "119"]
[EventCountry "GER"]
[EventRounds "11"]
[EventType "swiss"]
[EventDate "2005.05.15"]

1. e4 e5 2. f4 Qh4+ 3. g3 Qe7 4. Nc3 c6 5. Nf3 d6 6. d3 Nd7 7. Qd2 Ngf6 8. b3
g6 9. Ba3 Bg7 10. O-O-O O-O 11. Bh3 Nb6 12. Qg2 Bd7 13. Rhe1 Rad8 14. fxe5 Bh6+
15. Kb2 Nh5 16. Bxd6 Qe8 17. Bxf8 Qxf8 18. Rf1 Rb8 19. Bxd7 Nxd7 20. h4 a5 21.
Ng5 Nxe5 22. d4 Ng4 23. d5 Ne3 24. Qe2 Nxd1+ 25. Qxd1 Bxg5 26. hxg5 Nxg3 27.
Rf3 Nf5 28. exf5 Rd8 29. fxg6 hxg6 30. Qd4 Rd6 31. Rh3 Qg7 32. Qxg7+ Kxg7 33.
dxc6 Rxc6 34. Rd3 Rc5 35. Rd7 Rxg5 36. Rxb7 Rh5 37. a3 g5 38. Ne4 g4 39. b4
axb4 40. axb4 Re5 41. Ng3 Re3 42. Nf5+ Kg6 43. Nxe3 g3 44. Rb8 Kg5 45. Rg8+ Kf4
46. b5 f5 47. Nxf5 Kxf5 48. Rxg3 Ke6 49. Rc3 Kd7 50. b6 Kd8 51. b7 Kd7 52. b8=R
Kd6 53. Rd8+ Ke7 54. Rd1 Ke6 55. Re3+ Kf5 56. Rf1+ Kg4 57. Re8 Kg3 58. Rg8+ Kh2
59. Rf7 Kh3 60. Rh7# 1-0

[Event "DEM U10 2005"]
[Site "Willingen GER"]
[Date "2005.05.21"]
[Round "11"]
[White "von Freydorf, Sofia"]
[Black "Friedt, Marius"]
[Result "1/2-1/2"]
[Termination "normal"]
[Board "34"]
[WhiteElo "965"]
[BlackElo "1127"]
[PlyCount "59"]
[BlackFideId "4642830"]
[EventCountry "GER"]
[EventRounds "11"]
[EventType "swiss"]
[EventDate "2005.05.15"]

1. e4 c5 2. Nf3 Nc6 3. Bc4 g6 4. O-O Bg7 5. Nc3 Nf6 6. Qe2 d6 7. d3 O-O 8. Be3
a6 9. Rad1 b5 10. Bd5 Nxd5 11. Nxd5 Bb7 12. b3 f5 13. Rd2 fxe4 14. dxe4 Ne5 15.
Nxe5 Bxe5 16. Qg4 Bxd5 17. Rxd5 Rf7 18. Bxc5 Rc8 19. Bd4 Bxd4 20. Rxd4 Rxc2 21.
a4 Qc7 22. h3 Qc5 23. Qd1 bxa4 24. bxa4 Rc4 25. Rxc4 Qxc4 26. Re1 Qc5 27. Qd2
e6 28. Rc1 Rxf2 29. Rxc5 Rxd2 30. Rc6 1/2-1/2

[Event "DEM U10 2005"]
[Site "Willingen GER"]
[Date "2005.05.21"]
[Round "11"]
[White "Dang, An-Hai"]
[Black "Klumpe, Jan-Karl"]
[Result "1-0"]
[Termination "normal"]
[Board "35"]
[WhiteElo "1038"]
[BlackElo "936"]
[PlyCount "63"]
[EventCountry "GER"]
[EventRounds "11"]
[EventType "swiss"]
[EventDate "2005.05.15"]

1. e4 e5 2. Nf3 Nc6 3. d4 exd4 4. Nxd4 Nf6 5. Nc3 Bb4 6. Nxc6 bxc6 7. Bd3 d5 8.
e5 Ng4 9. Qe2 d4 10. a3 Bxc3+ 11. bxc3 O-O 12. h3 Nxe5 13. O-O Nxd3 14. cxd3
Re8 15. Qc2 Rb8 16. Bb2 c5 17. Rfe1 Rxe1+ 18. Rxe1 h6 19. Qa4 Rxb2 20. Re8+
Qxe8 21. Qxe8+ Kh7 22. Qxc8 Rb3 23. Qxc7 Rxc3 24. Qxa7 Rxd3 25. Qxc5 Rd1+ 26.
Kh2 d3 27. Qd4 d2 28. a4 Kg8 29. a5 Kf8 30. a6 Ke7 31. a7 Ke6 32. a8=Q 1-0

[Event "DEM U10 2005"]
[Site "Willingen GER"]
[Date "2005.05.21"]
[Round "11"]
[White "Haryanto, Selina"]
[Black "Steinicke, Rebecca"]
[Result "1-0"]
[Termination "normal"]
[Board "36"]
[WhiteElo "913"]
[BlackElo "1019"]
[PlyCount "59"]
[EventCountry "GER"]
[EventRounds "11"]
[EventType "swiss"]
[EventDate "2005.05.15"]

1. e4 d5 2. exd5 Qxd5 3. Nc3 Qa5 4. d4 c6 5. Bc4 Bf5 6. Nf3 Qc7 7. Bd2 Nf6 8.
O-O e6 9. Ng5 Bd6 10. g3 h6 11. Nf3 Bg4 12. Re1 O-O 13. Qe2 Bxf3 14. Qxf3 Nbd7
15. Ne4 b5 16. Bb3 a5 17. a4 b4 18. Nxf6+ Nxf6 19. Rad1 c5 20. dxc5 Bxc5 21. c3
bxc3 22. Bxc3 Qb6 23. Re2 Qxb3 24. Rd3 Qxa4 25. Bxf6 gxf6 26. Qxf6 Qc4 27. Rdd2
Rac8 28. Qxh6 Rcd8 29. Re5 Be7 30. Rh5 1-0

[Event "DEM U10 2005"]
[Site "Willingen GER"]
[Date "2005.05.21"]
[Round "11"]
[White "Hauffen, Franziska"]
[Black "Princeataia, Elina"]
[Result "0-1"]
[Termination "normal"]
[Board "37"]
[WhiteElo "1014"]
[BlackElo "729"]
[PlyCount "148"]
[EventCountry "GER"]
[EventRounds "11"]
[EventType "swiss"]
[EventDate "2005.05.15"]

1. e4 e5 2. Nf3 Nc6 3. Bc4 Nf6 4. Nc3 Bc5 5. d3 d6 6. Bg5 Be6 7. Bb3 h6 8. Bh4
O-O 9. Qd2 Qe7 10. O-O Rad8 11. Rae1 Nd4 12. Nxd4 Bxd4 13. Re2 c6 14. Rfe1 Rfe8
15. Bxe6 Qxe6 16. Rd1 Rd7 17. Ree1 Ng4 18. Qe2 d5 19. Qf3 a6 20. a3 b5 21. h3
Nf6 22. Rb1 Rb8 23. Ne2 Bb6 24. Ng3 Bd4 25. c3 Bc5 26. b4 Be7 27. Nf5 Ne8 28.
Qg3 dxe4 29. dxe4 Rd2 30. Rbd1 Rc2 31. Qg4 Qa2 32. Qf3 Qxa3 33. Nxe7+ Kf8 34.
Ng6+ Kg8 35. Ne7+ Kh8 36. Qxf7 Nd6 37. Ng6+ Kh7 38. Qa7 Rb7 39. Nf8+ Kg8 40.
Qa8 Rf7 41. Ne6+ Kh7 42. Nf8+ Kg8 43. Ng6+ Kh7 44. Qh8+ Kxg6 45. Rxd6+ Kh5 46.
Bg3 Qxc3 47. Qe8 Qxe1+ 48. Kh2 Qxe4 49. Qxf7+ g6 50. Qf3+ Qxf3 51. gxf3 Rc4 52.
Bxe5 Rxb4 53. Rxc6 a5 54. Rc5 Rb3 55. Bc3+ g5 56. Bxa5 Rxf3 57. Rxb5 Rxf2+ 58.
Kg3 Rf6 59. Rb4 Rg6 60. Rh4+ gxh4+ 61. Kh2 Rg3 62. Be1 Rf3 63. Kg2 Rb3 64. Bd2
Rb2 65. Kf3 Rxd2 66. Ke3 Rh2 67. Kf3 Rxh3+ 68. Kg2 Ra3 69. Kf2 h3 70. Kg1 Ra2
71. Kh1 Kg4 72. Kg1 Kg3 73. Kf1 h2 74. Ke1 h1=Q# 0-1

[Event "DEM U10 2005"]
[Site "Willingen GER"]
[Date "2005.05.21"]
[Round "11"]
[White "Hümmecke, Aaron"]
[Black "Chevelevitch, Valentin"]
[Result "0-1"]
[Termination "normal"]
[Board "38"]
[WhiteElo "770"]
[BlackElo "1003"]
[PlyCount "60"]
[WhiteFideId "24692522"]
[BlackFideId "12945587"]
[EventCountry "GER"]
[EventRounds "11"]
[EventType "swiss"]
[EventDate "2005.05.15"]

1. e4 e5 2. Nf3 Nc6 3. d4 exd4 4. Nxd4 Nf6 5. Nc3 Bb4 6. f3 O-O 7. Bd2 Nxd4 8.
Nb5 Bxd2+ 9. Qxd2 Nxb5 10. Bxb5 Re8 11. O-O-O c6 12. Bc4 b5 13. Bb3 a5 14. Rhe1
a4 15. e5 axb3 16. cxb3 Nd5 17. a3 d6 18. exd6 Be6 19. Re4 Qxd6 20. Qe2 Qc5+
21. Kb1 Rxa3 22. g4 Rxb3 23. f4 Nc3+ 24. Kc2 Nxe2+ 25. Kd2 Rxb2+ 26. Kd3 Rd8+
27. Rd4 Rxd4+ 28. Ke3 Rxd1+ 29. Kf3 Rd3+ 30. Ke4 Qd4# 0-1

[Event "DEM U10 2005"]
[Site "Willingen GER"]
[Date "2005.05.21"]
[Round "11"]
[White "Geise, Maria"]
[Black "Marx, Inga"]
[Result "0-1"]
[Termination "normal"]
[Board "40"]
[WhiteElo "990"]
[BlackElo "920"]
[PlyCount "64"]
[BlackFideId "4654749"]
[EventCountry "GER"]
[EventRounds "11"]
[EventType "swiss"]
[EventDate "2005.05.15"]

1. e4 e5 2. Nf3 Nc6 3. Bc4 Bc5 4. c3 Nf6 5. d4 exd4 6. cxd4 Bb4+ 7. Bd2 Nxe4 8.
Qe2 d5 9. Bd3 O-O 10. O-O Re8 11. Re1 Bg4 12. Bxb4 Nxb4 13. Nbd2 Nxd2 14. Qxe8+
Qxe8 15. Rxe8+ Rxe8 16. Nxd2 Nxd3 17. f3 Bf5 18. g4 Bg6 19. b3 Re1+ 20. Rxe1
Nxe1 21. f4 f5 22. g5 Nd3 23. Kg2 Nxf4+ 24. Kf3 Ne6 25. Ke3 Nxg5 26. Kf4 Ne6+
27. Ke5 Kf7 28. Kxd5 f4 29. Ke5 Bh5 30. Ke4 f3 31. h3 Bg6+ 32. Ke5 h5 0-1

[Event "DEM U10 2005"]
[Site "Willingen GER"]
[Date "2005.05.21"]
[Round "11"]
[White "Peil, Christoph"]
[Black "Spilke, Paul"]
[Result "1-0"]
[Termination "normal"]
[Board "42"]
[WhiteElo "1096"]
[BlackElo "893"]
[PlyCount "117"]
[WhiteFideId "24651800"]
[EventCountry "GER"]
[EventRounds "11"]
[EventType "swiss"]
[EventDate "2005.05.15"]

1. d4 g6 2. e4 Bg7 3. Nf3 d6 4. Nc3 Nf6 5. Bd3 O-O 6. Be3 Bg4 7. h3 Be6 8. d5
Bd7 9. Qd2 c6 10. dxc6 Nxc6 11. Bh6 Re8 12. O-O-O Qb6 13. Bxg7 Kxg7 14. Qe3
Qxe3+ 15. fxe3 e5 16. Bb5 a6 17. Ba4 Re6 18. Bb3 Ree8 19. Rxd6 b5 20. a3 b4 21.
axb4 Nxb4 22. g4 Bc6 23. Nd2 Rac8 24. Rf1 Ng8 25. Rxf7+ Kh6 26. g5+ Kxg5 27.
Rxh7 Nh6 28. Nf3+ Kh5 29. Be6 Rxe6 30. Rxe6 Bd7 31. Rxe5+ Bf5 32. exf5 gxf5 33.
Rg7 Rg8 34. Rxg8 Nxg8 35. Rxf5+ Kh6 36. Kd2 Nc6 37. Kd3 Nge7 38. Rg5 Ng6 39.
Ke4 Nce7 40. Nd5 Nxd5 41. Kxd5 a5 42. Rxg6+ Kxg6 43. Ne5+ Kf6 44. e4 Kg7 45.
Nd7 Kf7 46. e5 Ke7 47. e6 Ke8 48. Kd6 a4 49. Nf6+ Kf8 50. e7+ Kf7 51. e8=Q+ Kg7
52. Qg8+ Kxf6 53. Qe6+ Kg5 54. Qf7 a3 55. bxa3 Kh4 56. Qg8 Kh5 57. Ke5 Kh6 58.
Kf5 Kh5 59. Qg5# 1-0

[Event "DEM U10 2005"]
[Site "Willingen GER"]
[Date "2005.05.21"]
[Round "11"]
[White "Kalliwoda, Theresa"]
[Black "Bakalarz, Bianca"]
[Result "1/2-1/2"]
[Termination "normal"]
[Board "43"]
[WhiteElo "868"]
[BlackElo "983"]
[PlyCount "106"]
[EventCountry "GER"]
[EventRounds "11"]
[EventType "swiss"]
[EventDate "2005.05.15"]

1. e4 c5 2. b4 cxb4 3. c3 bxc3 4. Nxc3 g6 5. Nf3 Bg7 6. Bb2 Nf6 7. Bc4 O-O 8.
O-O Nxe4 9. Qc2 Nxc3 10. Bxc3 Bxc3 11. Qxc3 d5 12. Bb3 Nc6 13. Nh4 Be6 14. Qg3
Nd4 15. Bd1 Qa5 16. d3 Qd2 17. Kh1 Nf5 18. Nxf5 Bxf5 19. Bb3 Qxd3 20. Qxd3 Bxd3
21. Rfd1 Bc4 22. Bxc4 dxc4 23. Rd7 c3 24. Rxb7 c2 25. Rxe7 Rfc8 26. Rc1 Rab8
27. Ree1 Rb2 28. a4 Ra2 29. g3 Rxa4 30. h4 f5 31. Kg2 Re4 32. Kf1 a5 33. f3
Rxe1+ 34. Kxe1 a4 35. Kd2 a3 36. Rxc2 Rxc2+ 37. Kxc2 a2 38. Kb2 h5 39. Kxa2 Kf7
40. Kb3 Ke6 41. Kc3 Ke5 42. g4 fxg4 43. fxg4 Kf4 44. gxh5 gxh5 45. Kd2 Kg4 46.
Ke1 Kxh4 47. Kf1 Kh3 48. Kg1 Kg3 49. Kh1 h4 50. Kg1 h3 51. Kh1 Kg4 52. Kh2 Kh4
53. Kg1 Kg5 1/2-1/2

[Event "DEM U10 2005"]
[Site "Willingen GER"]
[Date "2005.05.21"]
[Round "11"]
[White "Scholz, Andre"]
[Black "Zeller, Elisa"]
[Result "0-1"]
[Termination "normal"]
[Board "44"]
[WhiteElo "900"]
[BlackElo "794"]
[PlyCount "92"]
[BlackFideId "24662410"]
[EventCountry "GER"]
[EventRounds "11"]
[EventType "swiss"]
[EventDate "2005.05.15"]

1. e4 e5 2. f4 exf4 3. Nf3 d5 4. Nc3 dxe4 5. Nxe4 Qe7 6. Qe2 Qd7 7. Qd1 Be7 8.
Be2 Nf6 9. Nxf6+ Bxf6 10. h4 O-O 11. Bd3 Nc6 12. Bb5 a6 13. Bxc6 Qxc6 14. d4
Rd8 15. Bxf4 Bg4 16. c3 Bxf3 17. gxf3 Re8+ 18. Kd2 Rad8 19. Kc2 b5 20. a3 a5
21. Rg1 Bxd4 22. Rg4 Be3 23. Qf1 Rd2+ 24. Kb1 Bxf4 25. Rxf4 Red8 26. Ka2 b4 27.
Rd1 Rxd1 28. Qg2 Qe6+ 29. c4 bxa3 30. Kxa3 Ra1+ 31. Kb3 Rb8+ 32. Kc2 Qb6 33.
Kc3 Qb3+ 34. Kd4 Rd1+ 35. Ke4 Qxc4+ 36. Kf5 Rd5+ 37. Kg4 h5+ 38. Kg3 Qc6 39.
Kh2 Rdb5 40. Kh3 Rxb2 41. Qg3 Qe6+ 42. Rg4 hxg4+ 43. fxg4 R8b3 44. Qxb3 Rxb3+
45. Kh2 Qe2+ 46. Kh1 Rb1# 0-1